Statistics for 1930s Movies

Click here to take the quiz!

General Stats

  • This quiz has been taken 749 times
  • The average score is 5 of 10

Answer Stats

HintAnswer% Correct
The very first full-length animated motion picture.Snow White and the Seven Dwarfs
83%
Gangster movie, actually about Al Capone. The remake was about a Cuban douche, but they share a physiognomic characteristic.Scarface
69%
Monster (Boris Karloff) desperately searching for a partner.Bride of Frankenstein
67%
John Wayne's breakthrough role in a John Ford western about a post chaise.Stagecoach
58%
In the picturization of Erich Maria Remarque's novel, "a young soldier faces profound disillusionment in the soul-destroying horror of World War I." (imdb quote)All Quiet On The Western Front
56%
Charlie is just a little cog in a big wheel.Modern Times
47%
Alfred Hitchcock introduces the MacGuffin, which means that the (eponymic) secret only motivates the characters' actions but is meaningless itself. So Robert Donat's flirtation with Madeleine Carroll matters more than this secret agency business.The 39 Steps
46%
"I never drink ... wine."Dracula
41%
Leni Riefenstahl's infamous film about the Nazi's Nuremberg Rally.Triumph of the Will
29%
Jean Renoir's film about the principles of love and marriage is regarded as the fourth-best movie of all time by the Sight & Sound magazine.The Rules of the Game
21%

Score Distribution

Percentile by Number Answered

Percent of People with Each Score

Your Score History

You have not taken this quiz